日本で自動車を運転することができる海外の免許証 - Statistics

General Stats
  • This quiz has been taken 53 times
  • The average score is 48 of 73
Answer Stats
Answer % Correct
b アメリカ合衆国
100%
a 英国
98%
b カナダ
98%
a オーストリア
96%
a スウェーデン
96%
a ドイツ *
96%
a フランス *
96%
a フィンランド
93%
a ポルトガル
93%
c インド
93%
a イタリア
91%
e オーストラリア
91%
e ニュージーランド
91%
a ノルウェー
89%
c 大韓民国
89%
a スイス *
87%
a スペイン
87%
a デンマーク
87%
a ポーランド
87%
a アイルランド
84%
a ベルギー *
84%
d エジプト
84%
a オランダ
82%
c タイ
82%
a アイスランド
80%
a スロバキア
80%
a チェコ
80%
c 台湾 *
80%
a シンガポール
78%
c フィリピン
76%
c マレーシア
76%
a ギリシャ
73%
c トルコ
73%
b アルゼンチン
71%
d モロッコ
69%
a クロアチア
67%
b チリ
67%
a スロベニア
64%
a モナコ *
64%
a ルクセンブルク
64%
d ナイジェリア
64%
a ルーマニア
62%
c アラブ首長国連邦
62%
c バングラデシュ
62%
a ハンガリー
60%
c ラオス
58%
b ペルー
56%
c スリランカ
56%
d チュニジア
56%
e パプアニューギニア
53%
a マルタ
51%
a バチカン
49%
d マダガスカル
49%
c イスラエル
47%
b パラグアイ
44%
c 香港
44%
d マリ
44%
e フィジー
44%
a サンマリノ
42%
b ジャマイカ
42%
b ドミニカ共和国
40%
c マカオ
40%
c レバノン
40%
b エクアドル
38%
d ナミビア
36%
c ヨルダン
33%
c キプロス
31%
d セネガル
27%
d ニジェール
27%
d マラウイ
27%
d コンゴ共和国
24%
d ウガンダ
20%
b バルバドス
11%
No matching quizzes found
Score Distribution
Percent of People with Each Score
Percentile by Number Answered
Your Score History
You have not taken this quiz